El desarrollo municipal como supuesto de la democracia y del federalismo mexicanos

Saved in:
Bibliografiske detaljer
Hovedforfatter: Valadés, Diego (Author)
Format: Bog
Sprog:spansk
Udgivet: San José Centro de Asesoría y Promoción Electoral 1986
Serier:Cuadernos de CAPEL, 12
Fag:
Tags: Tilføj Tag
Ingen Tags, Vær først til at tagge denne postø!

MARC

LEADER 00000nam a2200000 a 4500
001 UCW8642
003 CL-VaPUC
008 881011e19860000CR |||||||||||||||||spa|d
082 0 4 |a 342.72  |b VAL  |2 21 
100 0 |a Valadés, Diego  |e author  |9 313885 
245 1 3 |a El desarrollo municipal como supuesto de la democracia y del federalismo mexicanos 
300 |a 33 p 
942 |c BK 
945 |d 19881011 00:00:00 
260 |a San José  |b Centro de Asesoría y Promoción Electoral  |c 1986 
650 7 |a DERECHO MUNICIPAL  |2 CL-VaPUC  |9 257568 
650 0 |a Federalismo  |9 313886 
651 0 |a México  |9 255269 
583 |a last modification  |c 19881011 00:00:00  |k Rodrigo Vera 
490 0 |a Cuadernos de CAPEL, 12 
999 |c 220968  |d 220966 
952 |0 0  |1 0  |4 0  |6 342_720000000000000_VAL_1986  |7 0  |8 A  |9 213830  |a BIBHIS  |b BIBHIS  |d 2019-11-15  |i 2821141  |o 342.72 VAL 1986  |p 2821141  |r 2025-01-20  |w 2019-11-15  |y BK  |k HIS 
952 |0 0  |1 0  |4 0  |6 342_720000000000000_VAL_1986  |7 0  |8 A  |9 213831  |a BIBHIS  |b BIBHIS  |d 2019-11-15  |i 2005441  |o 342.72 VAL 1986  |p 2005441  |r 2025-01-20  |w 2019-11-15  |y BK  |k HIS